| 000 | 00744nam a22002057a 4500 | ||
|---|---|---|---|
| 005 | 20180807115758.0 | ||
| 010 | _aB-194391 | ||
| 020 |
_a8189526715 _c695.00 |
||
| 035 | _aB-194391, B-194390 | ||
| 037 |
_adpl _bVista International Publishing House |
||
| 082 | _a025.524 | ||
| 100 | _aGoyal,P.K. | ||
| 245 |
_aInformation Retrieval _cGoyal,P.K. |
||
| 260 |
_aDelhi _bVista International Publishing House _c2005 |
||
| 270 |
_aV-196,Near Shiv Sadhna Mandir,C11,Yammuna Vihar,Delhi. _bDelhi _e110053 |
||
| 300 |
_a290p. _c22cm(hb) |
||
| 500 | _aIndex | ||
| 942 |
_2ddc _cEN _h025.524 _mGOY |
||
| 999 |
_c152893 _d152893 |
||